| 000 | 00835nam a2200277Ia 4500 | ||
|---|---|---|---|
| 001 | Z_1330 | ||
| 003 | CHAP | ||
| 008 | 220113s1976 xx 000 0 und d | ||
| 010 | _a164418 | ||
| 040 | _cCHAP | ||
| 090 | _aTesis W 711 | ||
| 100 |
_aWaller, John C _9120932 |
||
| 245 |
_aEvaluation of sodium, calcium and ammonium hydroxides for treating crop residues / _cby John C. Waller |
||
| 260 |
_aLincoln, Nebraska : _bThe author, _c1976 |
||
| 300 | _a100 h | ||
| 502 | _aThesis (Master of science) -- University of Nebraska. Department of Animal Science | ||
| 650 |
_aCalcio en nutrición animal _917340 |
||
| 650 |
_aProductos agrícolas _xSubproductos _992033 |
||
| 650 |
_aSodio en nutrición animal _9108264 |
||
| 901 | _aTESIS W 711 | ||
| 902 | _aM | ||
| 910 | _a1976 | ||
| 942 | _c2 | ||
| 942 | _c2 | ||
| 999 |
_c164418 _d164418 |
||